00319nam a2200133Ia 45000030006000000080041000060400015000471000017000622450035000792500011001142600031001255460012001560050017001680STCL150530s9999 xx 000 0 und d aSTCLcSTCL aAtkins, P.W. aElements of physical chemistry aSecond bUniversity of Oxfordc1996 aEnglish20220125170239.0